00435nam a2200157Ia 4500008004100000020001500041041000800056082001600064100002000080245006800100250000800168260005600176300000800232365001400240650002300254140306s9999 xx 000 0 und d a8178886669 aeng a330bSHA/GA aShah, Kanti Ben aGandhi and John Ruskin Commons in Thought on Politics & Economy a1st aNew DelhibDominant Publishers & Distributersc2012 a321 bRs.1995/- aThe Life of Gandhi